| 000 -LEADER |
| fixed length control field |
01363nam a22004097a 4500 |
| 001 - CONTROL NUMBER |
| control field |
17508734 |
| 003 - CONTROL NUMBER IDENTIFIER |
| control field |
OSt |
| 005 - DATE AND TIME OF LATEST TRANSACTION |
| control field |
20210426121252.0 |
| 008 - FIXED-LENGTH DATA ELEMENTS--GENERAL INFORMATION |
| fixed length control field |
880601t19841982nyu 000 f eng d |
| 010 ## - LIBRARY OF CONGRESS CONTROL NUMBER |
| LC control number |
2012661050 |
| 020 ## - INTERNATIONAL STANDARD BOOK NUMBER |
| International Standard Book Number |
9780345303059 |
| 020 ## - INTERNATIONAL STANDARD BOOK NUMBER |
| International Standard Book Number |
0345303059 |
| 035 ## - SYSTEM CONTROL NUMBER |
| System control number |
(OCoLC)ocn224060584 |
| 035 ## - SYSTEM CONTROL NUMBER |
| System control number |
(OCoLC)224060584 |
| 040 ## - CATALOGING SOURCE |
| Original cataloging agency |
ERI |
| Language of cataloging |
eng |
| Transcribing agency |
UTO |
| Modifying agency |
OCLCQ |
| -- |
DLC |
| 041 ## - LANGUAGE CODE |
| Language code of text/sound track or separate title |
eng |
| 042 ## - AUTHENTICATION CODE |
| Authentication code |
lccopycat |
| 050 00 - LIBRARY OF CONGRESS CALL NUMBER |
| Classification number |
CPB Box no. 11 vol. 1 |
| 080 ## - UNIVERSAL DECIMAL CLASSIFICATION NUMBER |
| Universal Decimal Classification number |
821.111 |
| Item number |
C-59 |
| 100 1# - MAIN ENTRY--PERSONAL NAME |
| Personal name |
Clarke, Arthur C. |
| Fuller form of name |
(Arthur Charles), |
| Dates associated with a name |
1917-2008. |
| 245 10 - TITLE STATEMENT |
| Title |
2010, odyssey two / |
| Statement of responsibility, etc. |
Arthur C. Clarke. |
| Remainder of title |
/ by: Ballantine Books |
| 250 ## - EDITION STATEMENT |
| Edition statement |
1st U.S. edition |
| 260 ## - PUBLICATION, DISTRIBUTION, ETC. |
| Place of publication, distribution, etc. |
New York : |
| Name of publisher, distributor, etc. |
Ballantine Books |
| Date of publication, distribution, etc. |
c1982. |
| 300 ## - PHYSICAL DESCRIPTION |
| Extent |
xv, 293 p. |
| Dimensions |
24 cm. |
| 490 0# - SERIES STATEMENT |
| Series statement |
Del Rey Science fiction |
| 490 0# - SERIES STATEMENT |
| Series statement |
Del Rey |
| 490 0# - SERIES STATEMENT |
| Series statement |
Ballantine |
| 500 ## - GENERAL NOTE |
| General note |
Sequel to: 2001, a space odyssey. |
| 500 ## - GENERAL NOTE |
| General note |
"A Del Rey book." |
| 650 #0 - SUBJECT ADDED ENTRY--TOPICAL TERM |
| 9 (RLIN) |
254 |
| Topical term or geographic name entry element |
English literature |
| 653 ## - INDEX TERM--UNCONTROLLED |
| Uncontrolled term |
ინგლისური ლიტერატურა |
| 655 #7 - INDEX TERM--GENRE/FORM |
| Genre/form data or focus term |
Science fiction. |
| Source of term |
gsafd |
| 710 2# - ADDED ENTRY--CORPORATE NAME |
| Corporate name or jurisdiction name as entry element |
Copyright Paperback Collection (Library of Congress) |
| Institution to which field applies |
DLC |
| 906 ## - LOCAL DATA ELEMENT F, LDF (RLIN) |
| a |
0 |
| b |
cbc |
| c |
copycat |
| d |
2 |
| e |
ncip |
| f |
20 |
| g |
y-genrareb |
| 942 ## - ADDED ENTRY ELEMENTS (KOHA) |
| Source of classification or shelving scheme |
|
| Koha item type |
Books |
| Edition |
1 |